Desarrollo de un sistema de información web para la dirección general de transporte acuático DGTA

El estudio presenta el desarrollo de un sistema de información gerencial, que registre y controle las operaciones de la dirección general de transporte acuático (DGTA), que interactúe con otro sistema y disponga de información inmediata, técnica y económica, para toma de decisiones.

Bibliographic Details
Main Authors: Ruiz Acosta, Julián Moisés, Parrales Méndez, Isa Benazir, Gallegos López, Edgard Alberto
Other Authors: Tutor: Alfaro Arriola, Roberto
Format: Tesis Section = Libro
Language:Undetermined
Spanish
Published: Managua UNI 2019
Subjects:
LEADER 01191nam a2200277Ia 4500
008 240830s9999 xx 000 0 und d
040 |a BIBLIOTECA-RUSB/ Mon 005.74 R934 
041 |a spa 
082 |a Mon 005.74 R934 
100 1 |a Ruiz Acosta, Julián Moisés 
100 1 |b Parrales Méndez, Isa Benazir 
100 1 |c Gallegos López, Edgard Alberto 
245 1 0 |a Desarrollo de un sistema de información web para la dirección general de transporte acuático DGTA 
260 |a Managua  |b UNI  |c 2019 
300 |a 191 p. :il. 
500 |a Contiene: anexos y CD. 
502 |a Tesis (Ingeniero en Computación) - UNI, 2019. 
520 3 |a El estudio presenta el desarrollo de un sistema de información gerencial, que registre y controle las operaciones de la dirección general de transporte acuático (DGTA), que interactúe con otro sistema y disponga de información inmediata, técnica y económica, para toma de decisiones. 
650 7 |a DESARROLLO DE SISTEMAS WEB 
650 7 |b  BASES DE DATOS-DISEÑO 
650 7 |c  SITIOS WEB 
650 7 |d  DESARROLLO DE SOFTWARE 
700 1 |a Tutor:  |b Alfaro Arriola, Roberto 
942 |c BK  |2 ddc 
991 |a TESIS 
999 |c 19827